000
00329nam a2200133Ia 4500
005
20251222141922.0
008
251222s9999||||xx |||||||||||||| ||spa||
020
_a
84-89309-71-X
082
_a
339.2/F49
100
_a
Figueroa, Adolfo
245
0
_a
Crisis Distributiva en el PerĂº
264
_b
Fondo Editorial PUCP
942
_c
LIB
999
_c
8760
_d
8760